000 00472cam a22001812 4500
001 ltf91013131
003 DLC
005 20260227111551.0
008 910226s1936 gw 000 0 ger
010 _altf91013131
040 _aDLC
_cDLC
_dDLC
050 0 0 _a4K 145
100 1 _aOehler, Adalbert,
_d1860-1943.
245 1 0 _aSoziale Versicherung.
250 _a11.-12. ergänzte und durchgesehene Aufl.
260 _aLeipzig,
_bW. Kohlhammer,
_c1936.
300 _a97 p.
999 _c37475
_d37475